header

Mummies in the morning / (Record no. 265258)

MARC details
000 -LEADER
fixed length control field 01853cam a2200469 a 4500
001 - CONTROL NUMBER
control field 1090255
003 - CONTROL NUMBER IDENTIFIER
control field OSt
005 - DATE AND TIME OF LATEST TRANSACTION
control field 20251119100045.0
008 - FIXED-LENGTH DATA ELEMENTS--GENERAL INFORMATION
fixed length control field 920902s1993 nyua j 000 1 eng
010 ## - LIBRARY OF CONGRESS CONTROL NUMBER
LC control number 92050665
020 ## - INTERNATIONAL STANDARD BOOK NUMBER
International Standard Book Number 0679824243 (trade) :
Terms of availability $2.99 ($3.99 Can.)
International Standard Book Number 9780590629843
International Standard Book Number 0590629840
Qualifying information (lib. ed.)
035 ## - SYSTEM CONTROL NUMBER
System control number 1090255
040 ## - CATALOGING SOURCE
Original cataloging agency DLC
Transcribing agency DLC
Modifying agency DLC
042 ## - AUTHENTICATION CODE
Authentication code lcac
050 00 - LIBRARY OF CONGRESS CALL NUMBER
Classification number PZ7.O81167
Item number Mr 1993
082 00 - DEWEY DECIMAL CLASSIFICATION NUMBER
Classification number [Fic]
Edition number 20
100 1# - MAIN ENTRY--PERSONAL NAME
Personal name Osborne, Mary Pope.
245 10 - TITLE STATEMENT
Title Mummies in the morning /
Statement of responsibility, etc by Mary Pope Osborne ; illustrated by Sal Murdocca.
260 ## - PUBLICATION, DISTRIBUTION, ETC. (IMPRINT)
Place of publication, distribution, etc New York :
Name of publisher, distributor, etc Random House,
Date of publication, distribution, etc c1993.
300 ## - PHYSICAL DESCRIPTION
Extent 64 p. :
Other physical details ill. ;
Dimensions 20 cm.
336 ## - CONTENT TYPE
Content type term text
Content type code txt
Source rdacontent
337 ## - MEDIA TYPE
Media type term unmediated
Media type code n
Source rdamedia
338 ## - CARRIER TYPE
Carrier type term volume
Carrier type code nc
Source rdacarrier
490 1# - SERIES STATEMENT
Series statement The Magic tree house series ;
Volume number/sequential designation #3
500 ## - GENERAL NOTE
General note "A First stepping stone book."
520 ## - SUMMARY, ETC.
Summary, etc Jack and his younger sister take a trip in their tree house back to ancient Egypt, where they help a queen's mummy continue her voyage to the Next Life.
521 0# - TARGET AUDIENCE NOTE
Target audience note "RL:2.0"--P. [4] of cover.
Target audience note "006-009"--P. [4] of cover.
650 #1 - SUBJECT ADDED ENTRY--TOPICAL TERM
Topical term or geographic name as entry element Time travel
General subdivision Fiction.
Topical term or geographic name as entry element Mummies
General subdivision Fiction.
Topical term or geographic name as entry element Magic
General subdivision Fiction.
Topical term or geographic name as entry element Tree houses
General subdivision Fiction.
800 1# - SERIES ADDED ENTRY--PERSONAL NAME
Personal name Osborne, Mary Pope.
Title of a work Magic tree house series ;
Volume/sequential designation #3.
856 42 - ELECTRONIC LOCATION AND ACCESS
Materials specified Contributor biographical information
Uniform Resource Identifier <a href="http://www.loc.gov/catdir/bios/random051/92050665.html">http://www.loc.gov/catdir/bios/random051/92050665.html</a>
Materials specified Publisher description
Uniform Resource Identifier <a href="http://www.loc.gov/catdir/description/random041/92050665.html">http://www.loc.gov/catdir/description/random041/92050665.html</a>
906 ## - LOCAL DATA ELEMENT F, LDF (RLIN)
a 7
b cbc
c orignew
d 1
e ocip
f 19
g y-gencatlg
942 ## - ADDED ENTRY ELEMENTS (KOHA)
Source of classification or shelving scheme Library of Congress Classification
Koha item type Long Loan Books
Holdings
Withdrawn status Lost status Damaged status Not for loan Collection code Home library Current library Shelving location Date acquired Total Checkouts Barcode Date last seen Price effective from Koha item type Source of classification or shelving scheme Full call number
        Fiction Rongo University Library Rongo University Library Children's Area 28/08/2023   CL20222456 31/01/2024 28/08/2023 Long Loan Books    
        Fiction Rongo University Library Rongo University Library Children's Area 05/03/2024   CL20233273 05/03/2024 05/03/2024 Long Loan Books Library of Congress Classification PZ7 .O81167 1993
        Fiction Rongo University Library Rongo University Library Children's Area 19/11/2025   CL20250062 19/11/2025 19/11/2025 Long Loan Books Library of Congress Classification PZ7.O81167 Mr 1993

© 2026 Rongo University
Contact us: librarian | system librarian | Rongo university